Um direito que nô quer ter culpa? Abuso de posiȯ̂ dominante /

Detalles Bibliográficos
Autor principal: Pelicano Antunes, Manuel
Formato: eBook
Lenguaje:portugués
Publicado: Rio de Janeiro: Editora Processo, 2021
Materias:
Acceso en línea:Acceso restringido

MARC

LEADER 00000nam a22000007a 4500
005 20220714223622.0
007 cr|||| ||||
008 220714s2021 br |||||s|||| 00||0 por d
020 |a 978658935151-1 
035 |a 36712 
040 |a vLex 
090 |c 13563  |d 13563 
100 1 |a Pelicano Antunes, Manuel 
245 1 2 |a Um direito que nô quer ter culpa?  |h [Recurso electrn̤ico] :  |b Abuso de posiȯ̂ dominante /  |c Manuel Pelicano Antunes 
256 |a Servicio en ln̕ea 
260 |a Rio de Janeiro:  |b Editora Processo,  |c 2021 
300 |a 1 recurso electrn̤ico 
500 |a Este livro proporciona ao leitor uma pequena viagem por aspetos fundamentais do direito sancionatr̤io europeu da atualidade, o principal meio que no estd̀io atual do convv̕io humano foi eleito para assegurar a realizaȯ̂ efetiva de um mercado n︢ico, livre, aberto e concorrencial. Atravš de um texto descomplicado, procura-se divulgar a existn̊cia de espaȯs jurd̕icos que tm̊ uma relevńcia crescente nô apenas na Europa mas em todos os lugares onde a caminhada histr̤ica e polt̕ica dos povos anseia por alcanȧr um patamar superior de paz e de abundńcia, uma sintropia ou ordem reforȧda vivida sob a ǧide dos direitos fundamentais, do estado de direito e da democracia. 
506 1 |a Disponible solo en los productos indicados  |d vLex Global  |d vLex Global (Academic Edition, excluding Law Schools)  |d vLex Global (U.S. Academic Edition, Law Schools)  |d vLex Global (U.S. Academic Edition, excluding Law Schools)  |d vLex Global (Academic Edition, Law Schools) 
650 0 4 |a Posiciones dominantes  |z Brasil 
740 0 |a vLex Libros (Servicio en ln̕ea) 
856 4 0 |u https://app.vlex.com/#/sources/36712  |z Acceso restringido 
942 |c BOOK 
999 0 |a Dominant positions